Statistics for Countries With the Lowest and Highest Gasoline Prices, April 2023

Click here to take the quiz!

General Stats

  • This quiz has been taken 29 times
  • The average score is 14 of 24

Answer Stats

LowestAnswerPrice per Liier in USD% Correct
#7Finland2.119$
89%
#3Iran0.053$
89%
#6Kuwait0.343$
89%
#4Denmark2.206$
85%
#11Iraq0.514$
85%
#8France2.115$
78%
#2Iceland2.343$
78%
#1Venezuela0.016$
78%
#12Bahrain0.531$
74%
#7Egypt0.373$
67%
#2Libya0.031$
67%
#10Netherlands2.052$
63%
#5Algeria0.339$
59%
#9Italy2.062$
59%
#1Syria2.345$
59%
#6Greece2.129$
56%
#4Angola0.314$
44%
#12Liechtenstein2.019$
44%
#10Kazakhstan0.471$
41%
#3Monaco2.265$
41%
#9Malaysia0.464$
33%
#8Turkmenistan0.429$
33%
#5Central African Republic2.164$
22%
#11Barbados2.041$
7%

Score Distribution

Percentile by Number Answered

Percent of People with Each Score

Your Score History

You have not taken this quiz